000 00536nam a2200193 i 4500
001 32281
003 ES-MaACL
005 20230906154538.0
007 t|
008 030130s1978 sp ||||1| spa d
100 1 _aBenito, Ángel.
_927655
245 1 3 _aLa socialización del poder de informar /
_cAngel Benito.
260 _aMadrid :
_bPirámide,
_c[1978]
300 _a270 p. ;
_c21 cm.
490 1 _aColección Medios
830 0 _aColección Medios
_9181429
852 _aES-MaACL
_jL-7668
_bR.108071
999 _c32281
_d32281